Statystyki dla Powiaty województwa świętokrzyskiego

Kliknij tutaj aby rozwiązać quiz!

Ogólne statystyki

  • Ten quiz został rozwiązany 61 razy
    (44 od ostatniego zresetowania)
  • Średni wynik to 11 z 14

Statystyki odpowiedzi

Odpowiedź% Poprawnych
kielecki
95%
sandomierski
95%
opatowski
87%
buski
82%
kazimierski
82%
starachowicki
82%
jędrzejowski
79%
kielce
79%
skarżyski
79%
włoszczowski
79%
ostrowiecki
76%
pińczowski
76%
konecki
74%
staszowski
68%

Rozkład punktacji

Percentyl według liczby udzielonych odpowiedzi

Procent ludzi z każdym wynikiem

Twoja historia wyników

Nie rozwiązałeś tego quizu od ostatniego zresetowania